00907cam a22002297a 4500003000500000005001700005008004100022010001000063011001000073035001000083040000900093100003500102245018200137260004100319300002900360502011600389650004500505650002700550650002800577650003000605650004200635CHAP20220329142703.0010920d2001 mx r 00110 spa d a86524 a87496 a98040 cCHAP00aHernández Herrera, Adrián.10aCostos de producción de materia prima forestal en la comunidad de San Jerónimo Zacapexco, municipio Villa del Carbón, Estado de Méxicoc/por Adrián Hernández Herrera aChapingo, Méx. :bEl autor,c2002. a68 h. ;bcuadros ; mapas aTesis (Ing. Forestal con orientación en Economía y Ordenación) -- UACH. División de Ciencias Forestales04aCostos de producciónzMéxico (Edo.).14aBosquesxProtección.14aBosquesxUtilización.14aBosqueszMéxico (Edo.).14aProductos forestalesxMéxico (Edo.)